Robbins and Cotran pathologic basis of disease / (Record no. 328)

000 -LEADER
fixed length control field 01584nam a22004457a 4500
001 - CONTROL NUMBER
control field 879416939
003 - CONTROL NUMBER IDENTIFIER
control field OCoLC
005 - DATE AND TIME OF LATEST TRANSACTION
control field 20210419081920.0
008 - FIXED-LENGTH DATA ELEMENTS--GENERAL INFORMATION
fixed length control field 140503s2015 pau b 001 0 eng
010 ## - LIBRARY OF CONGRESS CONTROL NUMBER
LC control number 2014017443
016 7# - NATIONAL BIBLIOGRAPHIC AGENCY CONTROL NUMBER
Record control number 101631899
Source DNLM
020 ## - INTERNATIONAL STANDARD BOOK NUMBER
International Standard Book Number 9781455726134 (hardback : alk. paper)
020 ## - INTERNATIONAL STANDARD BOOK NUMBER
International Standard Book Number 1455726133 (hardback : alk. paper)
020 ## - INTERNATIONAL STANDARD BOOK NUMBER
International Standard Book Number 9780808924500 (international edition : alk. paper)
020 ## - INTERNATIONAL STANDARD BOOK NUMBER
International Standard Book Number 0808924508 (international edition : alk. paper)
020 ## - INTERNATIONAL STANDARD BOOK NUMBER
International Standard Book Number 9780323266161 (professional edition : alk. paper)
020 ## - INTERNATIONAL STANDARD BOOK NUMBER
International Standard Book Number 0323266169 (professional edition : alk. paper)
035 ## - SYSTEM CONTROL NUMBER
System control number (OCoLC)879416939
Canceled/invalid control number (OCoLC)868042235
-- (OCoLC)870981175
040 ## - CATALOGING SOURCE
Original cataloging agency DNLM/DLC
Language of cataloging eng
Description conventions rda
Transcribing agency DLC
Modifying agency BTCTA
-- YDXCP
-- NLM
-- OCLCO
042 ## - AUTHENTICATION CODE
Authentication code pcc
049 ## - LOCAL HOLDINGS (OCLC)
Holding library YYEA
080 ## - UNIVERSAL DECIMAL CLASSIFICATION NUMBER
Universal Decimal Classification number 616
Item number K-91
096 ## - LOCALLY ASSIGNED NLM-TYPE CALL NUMBER (OCLC)
Classification number QZ 4 R6334 2014
100 ## - MAIN ENTRY--PERSONAL NAME
9 (RLIN) 223
Personal name Kumar,Vinary
Relator term editor
245 00 - TITLE STATEMENT
Title Robbins and Cotran pathologic basis of disease /
Statement of responsibility, etc. [edited by] Vinay Kumar, Abul K. Abbas, Jon C. Aster ; with illustrations by James A. Perkins.
246 1# - VARYING FORM OF TITLE
Title proper/short title Pathologic basis of disease.
250 ## - EDITION STATEMENT
Edition statement 9th ed.
260 ## - PUBLICATION, DISTRIBUTION, ETC.
Place of publication, distribution, etc. Philadelphia, PA :
Name of publisher, distributor, etc. Elsevier/Saunders,
Date of publication, distribution, etc. [2014]
263 ## - PROJECTED PUBLICATION DATE
Projected publication date 1406.
300 ## - PHYSICAL DESCRIPTION
Extent 1391p. ;
Dimensions ill
504 ## - BIBLIOGRAPHY, ETC. NOTE
Bibliography, etc. note Includes bibliographical references and index.
590 ## - LOCAL NOTE (RLIN)
Local note c.1 & c.2 Ritten 10068107 $111.00 each.
650 12 - SUBJECT ADDED ENTRY--TOPICAL TERM
Topical term or geographic name entry element Pathologic Processes.
653 ## - INDEX TERM--UNCONTROLLED
Uncontrolled term პათოლოგია
653 ## - INDEX TERM--UNCONTROLLED
Uncontrolled term მედიცინა
700 1# - ADDED ENTRY--PERSONAL NAME
Personal name Kumar, Vinay,
Dates associated with a name 1944-
700 1# - ADDED ENTRY--PERSONAL NAME
Personal name Abbas, Abul K.
700 1# - ADDED ENTRY--PERSONAL NAME
Personal name Aster, Jon C.
942 ## - ADDED ENTRY ELEMENTS (KOHA)
Source of classification or shelving scheme
Koha item type Books
Holdings
Withdrawn status Lost status Source of classification or shelving scheme Damaged status Not for loan Permanent location Current location Date acquired Inventory number Total Checkouts Full call number Barcode Date last seen Date last checked out Price effective from Koha item type
          Ken Walker International University Ken Walker International University 12/20/2024 969 1 616 K-91 969 04/24/2025 04/24/2025 12/20/2024 Books

Powered by Koha